000 01165nam a2200265 a 4500
003 OSt
005 20240226144030.0
007 cr ||||||a|c|a
008 240222s2022 mx a|||fom||| 001 0 spa d
040 _erda
100 1 _9188831
_aSantiago Pacheco, Rosalba
245 1 0 _aDinámica de la producción de huevo de gallinas Criollas Mexicanas, Rhode Island Red y Hy-Line Brown en sistema intensivo /
_cpor Rosalba Santiago Pacheco; director de tesis Fernando González Cerón.
264 1 _aChapingo, México :
_bEl autor,
_c[2022]
300 _a1 recurso en línea (43 páginas):
_bcuadros.
336 _2rdacontent
_atexto
_btxt
337 _2rdamedia
_acomputadora
_bc
338 _2rdacarrier
_arecurso en línea
_bcr
502 _bIAEZ
_cZootecnía
_d[2022]
_gLIC
504 _aIncluye referencias bibliográficas: páginas 37-43.
650 4 _9161836
_aHuevos de gallina
_xProducción
650 4 _956756
_aHuevos
_xPeso y tamaño
700 1 _948783
_aGonzález Cerón, Fernando
_eDirector de tesis.
856 _uhttp://10.13.5.2/tesis/tl/1512470-3_Santiago_Pacheco_Rosalba.pdf
_zDESCARGAR PDF
942 _2Clasificación Universidad Autónoma Chapingo
_cTD
999 _c219750
_d219750